000 00609nam a2200193Ia 4500
001 5360
003 GE_BSU
008 181216s||||||||xx |||||||||||||| ||und||
040 _cGE_BSU
080 _a517.91
100 _aГаврилов Н.И.
245 _aМетоды теории обыкновенных дифференциальных уравнений.
260 _aМосква
260 _bВысш. школа
260 _c1962
300 _a312 с. 22 см.
653 _aМетоды теории обыкновенных дифференциальных уравнений.
942 _cBK
999 _c38937
_d38937